000 00173 a2200097 4500
041 _aspa
100 _aAngela Dominguez
245 _aCom se Dice
942 _cBK
952 _71
999 _c23161
_d23161